[Event "ICS rated standard match"]
[Site "204.178.125.65"]
[Date "2000.08.13"]
[Round "?"]
[White "Mungo"]
[Black "Hossa"]
[Result "1-0"]
[WhiteElo "2630"]
[BlackElo "2360"]
[PlyCount "131"]
[EventDate "2000.??.??"]

1. d4 Nf6 2. c4 e6 3. Nc3 Bb4 4. Qc2 c5 5. dxc5 O-O 6. a3 Bxc5 7. Nf3 d6 8. e3
Bb6 9. Be2 Nc6 10. O-O Re8 11. Rd1 a6 12. b4 Bc7 13. Bb2 b6 14. Bd3 Bb7 15. Ne4
Nxe4 16. Bxe4 f5 17. Bd3 Nb8 18. e4 fxe4 19. Bxe4 Bxe4 20. Qxe4 Nd7 21. Qd3 Rf8
22. Rd2 Qe7 23. Re1 a5 24. Qb3 axb4 25. axb4 Rf4 26. c5 bxc5 27. Rxe6 Qf7 28.
Ng5 c4 29. Qc3 Qf8 30. Ree2 Ne5 31. Ne6 Qf7 32. Nxf4 Qxf4 33. Qd4 Qxd4 34. Bxd4
Ng6 35. Ra2 Rc8 36. Ra7 Kf8 37. b5 Nf4 38. Bxg7+ Kxg7 39. Re7+ Kf6 40. Raxc7
Ra8 41. Rf7+ Kg6 42. h4 Ne6 43. h5+ Kxh5 44. Rxc4 Ra1+ 45. Kh2 Kg6 46. Rd7 Rb1
47. Rxd6 Kf5 48. Rd5+ Kf6 49. Rc6 Re1 50. Rd7 Kf5 51. b6 Rb1 52. Rf7+ Ke5 53.
Re7 Kd5 54. Rcxe6 Rb2 55. b7 Rxb7 56. Rxb7 Kxe6 57. g4 Kd5 58. Rxh7 Kd4 59. g5
Kd5 60. g6 Kc4 61. g7 Kb5 62. g8=Q Kc5 63. Qg5+ Kb4 64. Rc7 Ka3 65. Qb5 Ka2 66.
Ra7# {Hossa checkmated} 1-0

[Event "ICS rated standard match"]
[Site "204.178.125.65"]
[Date "2000.08.13"]
[Round "?"]
[White "Interceptor"]
[Black "Hossa"]
[Result "1-0"]
[WhiteElo "2528"]
[BlackElo "2354"]
[PlyCount "111"]
[EventDate "2000.??.??"]

1. d4 Nf6 2. c4 g6 3. Nc3 d5 4. Bf4 Bg7 5. e3 c5 6. dxc5 Bg4 7. f3 Be6 8. Qb3
Nc6 9. O-O-O d4 10. exd4 Na5 11. Qa3 Nh5 12. Be3 b5 13. d5 Bc8 14. g4 Nf6 15.
cxb5 O-O 16. c6 Ne8 17. b4 Nb7 18. cxb7 Bxb7 19. Bc5 Qd7 20. Nge2 Bh6+ 21. Kc2
a6 22. Na4 axb5 23. Nb6 Qd8 24. Nxa8 Bxa8 25. Nc3 Nd6 26. Bxb5 Nxb5 27. Nxb5
Qd7 28. Nc3 Bg7 29. Rhe1 Bf6 30. Qa4 Qc8 31. Rd3 Bh4 32. Re2 Re8 33. Rde3 Kf8
34. Qa7 Bb7 35. Nb5 Kg7 36. Nd6 exd6 37. Rxe8 Qc7 38. Rb8 dxc5 39. Rxb7 Qf4 40.
Qxc5 Bg5 41. Qc3+ Bf6 42. Qc7 Qxf3 43. Qxf7+ Kh6 44. Qxh7+ Kg5 45. h4+ Kxg4 46.
Qxg6+ Kh3 47. Qd3 Qxd3+ 48. Kxd3 Kg3 49. Rbe7 Kxh4 50. d6 Kg3 51. d7 Kh4 52.
d8=Q Kg4 53. Qg8+ Bg5 54. R2e4+ Kh3 55. Qxg5 Kh2 56. Rh7# {Hossa checkmated}
1-0

[Event "ICS rated blitz match"]
[Site "204.178.125.65"]
[Date "2000.08.13"]
[Round "?"]
[White "Tinker"]
[Black "Hossa"]
[Result "0-1"]
[WhiteElo "2407"]
[BlackElo "2537"]
[PlyCount "156"]
[EventDate "2000.??.??"]

1. e4 Nf6 2. e5 Nd5 3. c4 Nb6 4. c5 Nd5 5. d4 d6 6. Bg5 f6 7. Bd2 fxe5 8. dxe5
dxc5 9. Bd3 Be6 10. Qh5+ Bf7 11. Qe2 Qd7 12. Nf3 Nc6 13. O-O Ndb4 14. Bc4 Bxc4
15. Qxc4 e6 16. a3 Nd3 17. Ng5 Ncxe5 18. Qxe6+ Qxe6 19. Nxe6 Kd7 20. Nxf8+
Rhxf8 21. Ra2 Rf5 22. Bc3 Ke6 23. b3 Raf8 24. Nd2 b5 25. Ne4 c4 26. bxc4 bxc4
27. Re2 Kd5 28. Rd1 Re8 29. Ng3 Rff8 30. Red2 Rf7 31. Nh5 g6 32. Ng3 Ng4 33. f3
Ne3 34. Rb1 c5 35. Ne4 Kc6 36. Ng5 Rfe7 37. Ne4 Rf8 38. a4 h6 39. Kh1 Nd5 40.
Ba1 Rb7 41. Rxb7 Kxb7 42. Rc2 Ne3 43. Re2 Nf5 44. Rc2 Kc6 45. Rxc4 Rb8 46. Nd2
Re8 47. Re4 Nf2+ 48. Kg1 Nxe4 49. fxe4 Nd4 50. Bb2 Rf8 51. h3 Ne2+ 52. Kh2 Rb8
53. Ba3 Nc3 54. Nc4 Nxe4 55. Ne5+ Kd6 56. Nxg6 Rb1 57. Nf4 Nc3 58. Nd3 Nxa4 59.
Bc1 c4 60. Ba3+ Ke6 61. Nf4+ Kf7 62. Ne2 Rf1 63. Ng1 c3 64. Ne2 c2 65. Kg3 Nb6
66. Bc1 Kg7 67. h4 Nc4 68. Bf4 h5 69. Nc1 a5 70. Nb3 a4 71. Nd4 Rxf4 72. Nxc2
Rg4+ 73. Kh3 a3 74. Kh2 Rxh4+ 75. Kg3 Rg4+ 76. Kf2 a2 77. Na1 Na3 78. g3 Rb4 {
Tinker resigns} 0-1

[Event "ICS rated standard match"]
[Site "204.178.125.65"]
[Date "2000.08.13"]
[Round "?"]
[White "Hossa"]
[Black "Nulos"]
[Result "1/2-1/2"]
[WhiteElo "2345"]
[BlackElo "2000"]
[PlyCount "49"]
[EventDate "2000.??.??"]

1. d4 Nf6 2. c4 c5 3. d5 b5 4. cxb5 a6 5. f3 axb5 6. e4 Qa5+ 7. Nc3 b4 8. Nb1
d6 9. Nd2 g6 10. a4 Bg7 11. Nb3 Qa7 12. Bb5+ Bd7 13. Ne2 O-O 14. Bg5 Qb7 15.
Bxd7 Nbxd7 16. a5 h6 17. Bh4 Qb5 18. O-O Ne5 19. Ra2 Rfb8 20. Qc2 Nc4 21. Rfa1
Ra6 22. Kh1 Rba8 23. Qd3 Rb8 24. Qc2 Rba8 25. Qd3 1/2-1/2

[Event "ICS rated standard match"]
[Site "204.178.125.65"]
[Date "2000.08.13"]
[Round "?"]
[White "Hossa"]
[Black "handywin"]
[Result "1-0"]
[WhiteElo "2345"]
[BlackElo "2200"]
[PlyCount "71"]
[EventDate "2000.??.??"]

1. d4 d5 2. c4 c6 3. Nf3 Nf6 4. Qb3 dxc4 5. Qxc4 Bf5 6. g3 e6 7. Bg2 Nbd7 8.
Nc3 Bd6 9. Qb3 Qb6 10. Qxb6 Nxb6 11. Nh4 Bc2 12. Kd2 Bg6 13. Nxg6 hxg6 14. Kc2
e5 15. dxe5 Bxe5 16. h3 O-O-O 17. Bg5 Bxc3 18. bxc3 Rde8 19. e3 Ne4 20. Bxe4
Rxe4 21. Rad1 f6 22. Bf4 g5 23. Bd6 Nc4 24. Rd3 Rd8 25. Bc5 b6 26. Rxd8+ Kxd8
27. Bf8 Ke8 28. Bxg7 Kf7 29. Bh6 Kg6 30. Kd3 Re8 31. Kxc4 Kxh6 32. Rd1 Re7 33.
Rd6 Kg6 34. Rxc6 Rh7 35. e4 Rd7 36. e5 {handywin resigns} 1-0

[Event "ICS rated standard match"]
[Site "204.178.125.65"]
[Date "2000.08.13"]
[Round "?"]
[White "handywin"]
[Black "Hossa"]
[Result "0-1"]
[WhiteElo "2075"]
[BlackElo "2345"]
[PlyCount "172"]
[EventDate "2000.??.??"]

1. d4 Nf6 2. c4 c5 3. d5 b5 4. cxb5 a6 5. b6 Qxb6 6. Nc3 g6 7. e4 d6 8. Bd3 Bg7
9. Nf3 O-O 10. O-O Nbd7 11. h3 Bb7 12. Bc2 e6 13. dxe6 fxe6 14. Bb3 Rfe8 15.
Re1 Rac8 16. Qd3 c4 17. Bxc4 Qc7 18. Bb3 Nc5 19. Qb1 Nxb3 20. axb3 Rf8 21. Qd3
Nd7 22. Be3 Nc5 23. Bxc5 Qxc5 24. Rad1 Rcd8 25. Qc4 Qc8 26. Qxc8 Bxc8 27. Rd3
Kf7 28. Red1 Ke7 29. Nd4 Bb7 30. f3 Be5 31. Nde2 Rd7 32. Kf2 Rc7 33. Kg1 g5 34.
Kf2 a5 35. R3d2 Rc5 36. Ra1 h5 37. Kg1 Rfc8 38. Kf2 h4 39. Kg1 Kf7 40. Kf2 Ba8
41. Kg1 Kg6 42. Kf2 Kh7 43. Kg1 Bb7 44. Kf2 Ra8 45. Kg1 Ba6 46. Kf2 Rb8 47. Ra3
Kg7 48. Kg1 Kf7 49. Kf2 Ke7 50. Kg1 Rb7 51. Kf2 Kf6 52. Kg1 Kf7 53. Kf2 Kg7 54.
Kg1 Kg6 55. Kf2 Rb8 56. Kg1 Ra8 57. Kf2 Kg7 58. Kg1 Kf7 59. Kf2 Kg8 60. Kg1 Kh7
61. Kf2 Kh6 62. Kg1 Rb8 63. Kf2 Rb7 64. Kg1 Rb4 65. Kf2 Bxe2 66. Nxe2 Rb7 67.
Kg1 d5 68. exd5 exd5 69. Kf2 Kg6 70. Ke3 d4+ 71. Kf2 Rd5 72. Nc1 Bf4 73. Rd1
Rc7 74. Nd3 Bd6 75. Kf1 Bxa3 76. bxa3 Rc3 77. b4 a4 78. Nc5 Rxa3 79. Ne4 Rb3
80. Ra1 Rxb4 81. Ke2 d3+ 82. Kd1 Rc4 83. Nd2 Rcd4 84. Ra3 Rb5 85. Ra1 Rb2 86.
Rxa4 Rxa4 {handywin resigns} 0-1

[Event "ICS rated standard match"]
[Site "204.178.125.65"]
[Date "2000.08.13"]
[Round "?"]
[White "Hossa"]
[Black "BarryNelson"]
[Result "1-0"]
[WhiteElo "2346"]
[BlackElo "2156"]
[PlyCount "57"]
[EventDate "2000.??.??"]

1. d4 e6 2. g3 c5 3. dxc5 Bxc5 4. Bg2 d5 5. e4 Qb6 6. Qd2 dxe4 7. Nc3 e3 8.
fxe3 Bd7 9. Nge2 Nf6 10. O-O O-O 11. Nd4 Nc6 12. Na4 Qb4 13. Nxc5 Qxc5 14. Nb3
Qe7 15. Qe2 a5 16. a4 Nd5 17. e4 Ndb4 18. Be3 Na6 19. Qd2 Ne5 20. Nxa5 Rac8 21.
Bd4 Nc6 22. Nxb7 Nxd4 23. Qxd4 Rxc2 24. Rad1 Bc6 25. Na5 Ba8 26. Rd2 Qc7 27.
Rxc2 Qxc2 28. Qc4 Rc8 29. Qxa6 {BarryNelson resigns} 1-0

[Event "ICS rated standard match"]
[Site "204.178.125.65"]
[Date "2000.08.13"]
[Round "?"]
[White "huck"]
[Black "Hossa"]
[Result "1/2-1/2"]
[WhiteElo "2083"]
[BlackElo "2354"]
[PlyCount "76"]
[EventDate "2000.??.??"]

1. e4 c5 2. Nf3 Nc6 3. d4 cxd4 4. Nxd4 e6 5. Nc3 Nf6 6. Be2 d5 7. exd5 Nxd5 8.
Nxc6 bxc6 9. Ne4 f5 10. Ng3 Bb4+ 11. c3 Nxc3 12. bxc3 Bxc3+ 13. Bd2 Bxa1 14.
Qxa1 O-O 15. Bc3 Qe7 16. O-O c5 17. Bc4 f4 18. Ne4 f3 19. Be5 fxg2 20. Re1 Bd7
21. Bd6 Qf7 22. Qe5 Kh8 23. Bxf8 Rxf8 24. Qxc5 Qe8 25. Ng3 Qa8 26. Qe3 Qb7 27.
Ne4 Qb4 28. Bd3 Qa5 29. Ng5 Bc6 30. Bxh7 Bd5 31. Bg6 Kg8 32. Bh7+ Kh8 33. Bg6
Kg8 34. Rc1 Qb6 35. Qg3 Qd4 36. Bh7+ Kh8 37. Bg6 Kg8 38. Bh7+ Kh8 1/2-1/2

[Event "ICS rated standard match"]
[Site "204.178.125.65"]
[Date "2000.08.13"]
[Round "?"]
[White "Hossa"]
[Black "Interceptor"]
[Result "1/2-1/2"]
[WhiteElo "2353"]
[BlackElo "2531"]
[PlyCount "181"]
[EventDate "2000.??.??"]

1. d4 d5 2. c4 c6 3. Nf3 Nf6 4. Qb3 dxc4 5. Qxc4 Bf5 6. g3 e6 7. Bg2 Nbd7 8.
Nc3 Be7 9. O-O O-O 10. e3 Ne4 11. Qe2 Qa5 12. Bd2 Qb6 13. Ne5 Nxe5 14. Nxe4 Nd7
15. Bc3 Rfc8 16. Nd2 c5 17. d5 exd5 18. Bxd5 Nf6 19. Nc4 Qa6 20. Bxf6 Bxf6 21.
Rfd1 Rc7 22. Qf3 Bg6 23. Rd2 Re8 24. Nd6 Rd8 25. Ne4 Be7 26. Rad1 Re8 27. h4 h5
28. Nc3 Bf6 29. Qf4 Be5 30. Qc4 Qxc4 31. Bxc4 a6 32. Bd5 Bf5 33. Bf3 g6 34. Nd5
Rc6 35. b3 Kg7 36. Kf1 Kh7 37. Nf4 Rc7 38. Kg2 Kh6 39. Nd5 Rd7 40. Nb6 Rxd2 41.
Rxd2 Bc7 42. Nc4 b5 43. Nd6 Bxd6 44. Rxd6 c4 45. e4 Bxe4 46. Bxe4 Rxe4 47. bxc4
Rxc4 48. Rxa6 Rc2 49. a4 bxa4 50. Rxa4 Rc3 51. Ra8 Kg7 52. Kf1 Kf6 53. Ra6+ Ke5
54. Ra5+ Ke4 55. Ra4+ Kd5 56. Ra5+ Rc5 57. Ra6 Ke5 58. Ra7 f6 59. Re7+ Kf5 60.
Ra7 g5 61. hxg5 fxg5 62. Kg2 g4 63. f4 gxf3+ 64. Kxf3 Rd5 65. g4+ hxg4+ 66. Kg2
Rd2+ 67. Kg1 g3 68. Rf7+ Ke4 69. Re7+ Kf3 70. Rf7+ Ke3 71. Rf1 Ke4 72. Re1+ Kf4
73. Rf1+ Ke3 74. Re1+ Kf3 75. Rf1+ Kg4 76. Re1 Kh3 77. Rf1 Rg2+ 78. Kh1 Rh2+
79. Kg1 Ra2 80. Re1 Ra3 81. Rf1 Rb3 82. Re1 g2 83. Rd1 Re3 84. Rc1 Rf3 85. Rd1
Ra3 86. Re1 Rd3 87. Rc1 Re3 88. Rd1 Rf3 89. Re1 Rf1+ 90. Rxf1 gxf1=Q+ 91. Kxf1
1/2-1/2

[Event "ICS rated standard match"]
[Site "204.178.125.65"]
[Date "2000.08.13"]
[Round "?"]
[White "BrazilianMaster"]
[Black "Hossa"]
[Result "1-0"]
[WhiteElo "2603"]
[BlackElo "2361"]
[PlyCount "145"]
[EventDate "2000.??.??"]

1. Nf3 e6 2. d4 d5 3. Bg5 Be7 4. Bxe7 Nxe7 5. e3 b6 6. Nc3 O-O 7. Qd2 c5 8. Bd3
cxd4 9. exd4 Nbc6 10. O-O f6 11. Rae1 Bd7 12. a3 Qc7 13. Re3 Rfe8 14. Rfe1 Qf4
15. h3 a6 16. Ne2 Qc7 17. Ng3 Ng6 18. Bxg6 hxg6 19. Qd3 Ne7 20. Nh4 g5 21. Nf3
Rec8 22. c3 Re8 23. Nd2 Qf4 24. Ndf1 Ra7 25. b3 Qd6 26. a4 b5 27. axb5 axb5 28.
R3e2 Ra3 29. Rb2 Rea8 30. Ne3 Ra1 31. Rbe2 Qa3 32. Rxa1 Qxa1+ 33. Kh2 Qc1 34.
Nc2 Ra2 35. b4 Rb2 36. Ne3 Rb1 37. Ngf1 Ra1 38. Rd2 Ra3 39. Nc2 Rb3 40. Nfe3
Kf8 41. Re2 Qb1 42. Re1 Qb2 43. Nd1 Qa2 44. Nce3 Rb1 45. Re2 Qa1 46. Rd2 Be8
47. Qe2 Qa7 48. Ra2 Qc7+ 49. g3 Qb8 50. Ra6 Qc8 51. Qa2 Rc1 52. Ra3 Qc6 53. Qb2
Rxd1 54. Nxd1 Bh5 55. Qa1 Bf3 56. Ne3 Kf7 57. Ra7 f5 58. Qa5 Qe8 59. Rb7 g4 60.
Qc7 gxh3 61. Rb8 Qc6 62. Qd8 e5 63. Qf8+ Kg6 64. Qxe7 f4 65. Rf8 exd4 66. Nf5
fxg3+ 67. Kxh3 Bg2+ 68. Kg4 Bf3+ 69. Kf4 Qd6+ 70. Qxd6+ Kh7 71. Qe7 Kg6 72.
Qxg7+ Kh5 73. Rh8# {Hossa checkmated} 1-0

[Event "ICS rated standard match"]
[Site "204.178.125.65"]
[Date "2000.08.13"]
[Round "?"]
[White "Hossa"]
[Black "BarryNelson"]
[Result "1-0"]
[WhiteElo "2355"]
[BlackElo "2167"]
[PlyCount "51"]
[EventDate "2000.??.??"]

1. Nf3 e6 2. d4 c5 3. dxc5 Bxc5 4. e3 d5 5. c4 Nf6 6. cxd5 exd5 7. Bd3 O-O 8.
O-O Nc6 9. Nc3 a6 10. b3 Bg4 11. Bb2 Qd6 12. Rc1 Rad8 13. Be2 Ba7 14. a3 Bb8
15. g3 Rfe8 16. Ng5 Bf5 17. Bd3 Bc8 18. Qc2 h6 19. Nf3 Bh3 20. Rfd1 Ba7 21. Bf5
Ng4 22. Nxd5 Qb8 23. Qc3 f6 24. Qc4 Nge5 25. Nxe5 Bxf5 26. Nxf6+ {
BarryNelson resigns} 1-0

[Event "ICS rated blitz match"]
[Site "204.178.125.65"]
[Date "2000.08.13"]
[Round "?"]
[White "Hossa"]
[Black "Dorky"]
[Result "0-1"]
[WhiteElo "2547"]
[BlackElo "2334"]
[PlyCount "152"]
[EventDate "2000.??.??"]

1. d4 Nf6 2. c4 e6 3. Nc3 Bb4 4. Qc2 c5 5. dxc5 O-O 6. a3 Bxc5 7. Nf3 b6 8. b4
Be7 9. e4 d6 10. Bd3 Nc6 11. O-O Ng4 12. e5 f5 13. exd6 Bxd6 14. Be2 Qf6 15.
Bg5 Bxh2+ 16. Kh1 Qg6 17. g3 Bb7 18. Nd5 exd5 19. cxd5 Nd4 20. Nxd4 Qxg5 21.
Bxg4 Qxg4 22. Kxh2 Qxd4 23. Rad1 Qf6 24. Qc7 Rf7 25. Qc4 Rd7 26. d6+ Kh8 27.
Qf4 Rad8 28. Rfe1 Bc8 29. Re5 g6 30. Qe3 f4 31. Qxf4 Kg7 32. Qd4 Kf7 33. Rd5
Qxd4 34. R5xd4 Kg8 35. f3 Bb7 36. R4d3 Ba6 37. R3d2 Bb5 38. g4 Ba4 39. Rc1 Rxd6
40. Rxd6 Rxd6 41. Rc8+ Kg7 42. g5 Rd7 43. Kg3 Bb3 44. Rc3 Bd5 45. Re3 a5 46.
bxa5 bxa5 47. Rd3 h5 48. gxh6+ Kxh6 49. Rd1 g5 50. Rh1+ Kg6 51. Rd1 Bc6 52. Rc1
Rd6 53. f4 Rd3+ 54. Kf2 Bd7 55. fxg5 Rxa3 56. Rg1 a4 57. Ke2 Rb3 58. Kd2 Bf5
59. Rh1 a3 60. Rh4 a2 61. Ra4 Rh3 62. Ra6+ Kxg5 63. Kc1 Be6 64. Kd2 Rh1 65.
Ra5+ Kf4 66. Ra6 a1=Q 67. Rxa1 Rxa1 68. Kc3 Ra4 69. Kb2 Ke4 70. Kc2 Rc4+ 71.
Kd2 Bg4 72. Ke1 Ke3 73. Kf1 Bh3+ 74. Kg1 Rc1+ 75. Kh2 Kf3 76. Kxh3 Rh1# {
Hossa checkmated} 0-1

[Event "ICS rated blitz match"]
[Site "204.178.125.65"]
[Date "2000.08.13"]
[Round "?"]
[White "Dorky"]
[Black "Hossa"]
[Result "1/2-1/2"]
[WhiteElo "2358"]
[BlackElo "2522"]
[PlyCount "132"]
[EventDate "2000.??.??"]

1. Nf3 d5 2. g3 Nc6 3. Bg2 e5 4. O-O e4 5. Ne1 h5 6. d3 Bf5 7. Nc3 h4 8. dxe4
dxe4 9. Qxd8+ Rxd8 10. Bxe4 Bxe4 11. Nxe4 Nd4 12. Nc3 Bb4 13. e3 Bxc3 14. exd4
Bxd4 15. Nf3 hxg3 16. hxg3 Bb6 17. Re1+ Ne7 18. Be3 Rd6 19. Bf4 Rc6 20. Re2 Bc5
21. Rae1 g6 22. Be3 Bxe3 23. Rxe3 Re6 24. Rxe6 fxe6 25. Ng5 e5 26. Rxe5 b6 27.
Re4 Kd7 28. f4 Nf5 29. Kg2 Re8 30. Rxe8 Kxe8 31. Kf2 Nh6 32. Nf3 Ng4+ 33. Ke2
Ke7 34. Kd3 Ke6 35. b4 Nf2+ 36. Kd4 Kf5 37. a4 Nh1 38. Nh4+ Kf6 39. g4 g5 40.
Nf3 gxf4 41. Ke4 Ng3+ 42. Kxf4 Ne2+ 43. Ke3 Nc3 44. b5 Nxa4 45. Kd4 Ke6 46.
Ng5+ Kd7 47. Ne4 c6 48. c4 Nb2 49. g5 cxb5 50. cxb5 Ke7 51. g6 Kf8 52. Kc3 Nd1+
53. Kd2 Nb2 54. Nd6 Kg7 55. Kc2 Na4 56. Nb7 Nc5 57. Nxc5 bxc5 58. Kd3 Kxg6 59.
Kc4 Kf6 60. Kxc5 Ke5 61. Kc4 Kd6 62. Kb3 Kc5 63. Ka4 Kc4 64. Ka5 Kc5 65. Ka6
Kb4 66. Kxa7 Kxb5 1/2-1/2

[Event "ICS rated blitz match"]
[Site "204.178.125.65"]
[Date "2000.08.13"]
[Round "?"]
[White "Hossa"]
[Black "Dorky"]
[Result "1-0"]
[WhiteElo "2515"]
[BlackElo "2365"]
[PlyCount "91"]
[EventDate "2000.??.??"]

1. d4 d5 2. c4 e6 3. Nc3 Nf6 4. Nf3 Bb4 5. Bg5 O-O 6. e3 h6 7. Bh4 g5 8. Bg3
Ne4 9. Qc2 Nd7 10. a3 Bxc3+ 11. bxc3 c5 12. cxd5 exd5 13. Nd2 Ndf6 14. dxc5 Qe7
15. Nxe4 Nxe4 16. Be2 Qxc5 17. Be5 Bf5 18. Bd3 Qe7 19. Bd4 g4 20. O-O Rfe8 21.
Rfd1 Qh4 22. Qb2 b6 23. c4 dxc4 24. Bxc4 Rac8 25. Ba6 Rc7 26. Rac1 Rxc1 27.
Rxc1 Qe7 28. Bc4 Rd8 29. Bb5 Rc8 30. Rxc8+ Bxc8 31. Bd3 Bf5 32. Ba6 Nc5 33. Bf6
Qe6 34. Be2 Nd7 35. Bc3 Be4 36. Qd2 Qf5 37. Qd4 f6 38. Qc4+ Kg7 39. Qc7 a5 40.
a4 Kh8 41. Bb5 Nc5 42. Qf7 Qe5 43. Bc4 Ne6 44. Bxe5 fxe5 45. Bxe6 Bc2 46. Qg8#
{Dorky checkmated} 1-0

[Event "ICS rated blitz match"]
[Site "204.178.125.65"]
[Date "2000.08.13"]
[Round "?"]
[White "Hossa"]
[Black "leop"]
[Result "1-0"]
[WhiteElo "2524"]
[BlackElo "2542"]
[PlyCount "73"]
[EventDate "2000.??.??"]

1. Nf3 Nf6 2. c4 e6 3. Nc3 c5 4. d4 cxd4 5. Nxd4 Nc6 6. g3 Qb6 7. Nb3 Ne5 8. e3
Qc6 9. e4 Nxe4 10. Nd4 Qb6 11. Nxe4 Qxd4 12. Qxd4 Nf3+ 13. Kd1 Nxd4 14. Bf4 d5
15. Nd6+ Bxd6 16. Bxd6 Nc6 17. Bd3 dxc4 18. Bxc4 Bd7 19. Kd2 O-O-O 20. Kc3 h5
21. b4 h4 22. Rad1 a6 23. a4 Rh5 24. g4 Rg5 25. h3 Be8 26. f4 Rg6 27. Kb2 Rh6
28. b5 axb5 29. axb5 Na5 30. Be2 Rd7 31. Rc1+ Kd8 32. Rhd1 b6 33. Bc7+ Ke7 34.
Bxb6 Rxd1 35. Bxd1 Bxb5 36. Bxa5 Rh8 37. Rc7+ {leop resigns} 1-0

[Event "ICS rated standard match"]
[Site "204.178.125.65"]
[Date "2000.08.13"]
[Round "?"]
[White "alkhateeb"]
[Black "Hossa"]
[Result "0-1"]
[WhiteElo "2288"]
[BlackElo "2363"]
[PlyCount "88"]
[EventDate "2000.??.??"]

1. d4 Nf6 2. Nf3 e6 3. Bg5 d6 4. e4 h6 5. Bxf6 gxf6 6. Nbd2 e5 7. d5 f5 8. g3
fxe4 9. Nxe4 Be7 10. Nfd2 Nd7 11. Qh5 c6 12. Bc4 b5 13. Bb3 c5 14. c4 Ba6 15.
O-O bxc4 16. Bxc4 Bb7 17. f4 Qb6 18. b3 O-O-O 19. Qxf7 Rde8 20. Qe6 Kc7 21. a4
Bc8 22. a5 Qb8 23. Qf7 exf4 24. Rxf4 h5 25. Bf1 h4 26. Rb1 hxg3 27. hxg3 Bb7
28. Bb5 Bxd5 29. Qxd5 Qxb5 30. b4 Qc6 31. Qxc6+ Kxc6 32. b5+ Kc7 33. Nc3 Bg5
34. Nd5+ Kd8 35. Nc4 Bxf4 36. gxf4 Reg8+ 37. Kf2 Rh2+ 38. Kf3 Rh3+ 39. Ke4 Re8+
40. Kf5 Rh5+ 41. Kg6 Rxd5 42. f5 Rd4 43. Na3 Rg4+ 44. Kh5 Nf6+ {
alkhateeb resigns} 0-1

[Event "ICS rated standard match"]
[Site "204.178.125.65"]
[Date "2000.08.13"]
[Round "?"]
[White "GreenGiant"]
[Black "Hossa"]
[Result "1-0"]
[WhiteElo "2167"]
[BlackElo "2376"]
[PlyCount "91"]
[EventDate "2000.??.??"]

1. e4 Nf6 2. e5 Nd5 3. d4 d6 4. Nf3 Bg4 5. Be2 e6 6. O-O c6 7. c4 Nb6 8. exd6
Bxf3 9. gxf3 Bxd6 10. c5 Bxh2+ 11. Kxh2 Nd5 12. Nc3 Nxc3 13. bxc3 Nd7 14. Rg1
b6 15. Rxg7 bxc5 16. Kg2 Qf6 17. Rg3 cxd4 18. Bg5 Qg6 19. Qxd4 e5 20. Qe4 f5
21. Qb4 c5 22. Qa4 Rb8 23. Rd1 Rb7 24. f4 e4 25. Rxd7 Rxd7 26. Bb5 Qe6 27. Bh4
a6 28. Bc6 h6 29. Rg7 Kf8 30. Rxd7 Qg6+ 31. Kf1 Qg4 32. Be7+ Kg7 33. Bxc5+ Kg6
34. Qd4 Rg8 35. Ba4 Qh3+ 36. Ke1 Qh1+ 37. Kd2 Kh5 38. Qf6 e3+ 39. Bxe3 Qb1 40.
Bd1+ Qxd1+ 41. Kxd1 Rg1+ 42. Ke2 Rg5 43. Rh7 Kg4 44. Rxh6 Rh5 45. Qg6+ Kh3 46.
Rxh5# {Hossa checkmated} 1-0

[Event "ICS rated standard match"]
[Site "204.178.125.65"]
[Date "2000.08.13"]
[Round "?"]
[White "Hossa"]
[Black "Mungo"]
[Result "0-1"]
[WhiteElo "2360"]
[BlackElo "2636"]
[PlyCount "98"]
[EventDate "2000.??.??"]

1. Nf3 Nf6 2. c4 b6 3. d4 e6 4. Nc3 Bb7 5. e3 Bb4 6. a3 Bxc3+ 7. bxc3 O-O 8.
Be2 c5 9. O-O d6 10. Bb2 Re8 11. Ng5 e5 12. Qc2 h6 13. Nf3 Be4 14. Qa4 Qc8 15.
Nd2 Bg6 16. Qd1 Nc6 17. Re1 Qc7 18. d5 Na5 19. a4 Rab8 20. Ba3 Qd7 21. Nf1 Kf8
22. Bb2 Qf5 23. Rc1 Qg5 24. Ba3 Re7 25. Nd2 Bh7 26. Ra1 Ne4 27. Nf3 Qf6 28. Qb1
Bg6 29. Qb2 Nxf2 30. Kxf2 e4 31. Rf1 exf3 32. Kg1 Rxe3 33. Rxf3 Rxf3 34. gxf3
Re8 35. Rc1 Bh5 36. Bd3 Qg5+ 37. Kf1 Re3 38. Be4 Bxf3 39. h4 Qg3 40. Bxc5 Qh3+
41. Kf2 Re2+ 42. Qxe2 Qg2+ 43. Ke3 Qxe2+ 44. Kf4 Qxe4+ 45. Kg3 Qg4+ 46. Kf2
Qg2+ 47. Ke3 Nxc4+ 48. Kd4 Qg4+ 49. Kd3 Qe4# {Hossa checkmated} 0-1

[Event "ICS rated standard match"]
[Site "204.178.125.65"]
[Date "2000.08.13"]
[Round "?"]
[White "Mungo"]
[Black "Hossa"]
[Result "1-0"]
[WhiteElo "2639"]
[BlackElo "2355"]
[PlyCount "135"]
[EventDate "2000.??.??"]

1. d4 Nf6 2. c4 e6 3. Nf3 Bb4+ 4. Bd2 Qe7 5. g3 Nc6 6. Nc3 d5 7. Bg2 dxc4 8. a3
Bd6 9. O-O O-O 10. Qa4 e5 11. d5 Nd4 12. Qxc4 Nxf3+ 13. Bxf3 Bh3 14. Rfc1 Qd7
15. Nb5 Rfc8 16. Nxd6 cxd6 17. Qd3 Qe8 18. e4 Ng4 19. b3 Qd7 20. Bg2 Bxg2 21.
Kxg2 Nf6 22. Bg5 Ne8 23. f3 Nc7 24. Be3 f5 25. exf5 Rf8 26. g4 Qf7 27. Rd1 h5
28. Rac1 hxg4 29. fxg4 Ne8 30. h3 Qe7 31. Rc4 Qf7 32. Kh2 a5 33. Bb6 a4 34.
bxa4 Qf6 35. Rdc1 Qf7 36. a5 Qd7 37. Qb3 Qf7 38. Rc8 Rxc8 39. Rxc8 Nf6 40. Rc7
Qxd5 41. Qxd5+ Nxd5 42. Rxb7 Rc8 43. a6 Rc2+ 44. Kg1 Rc1+ 45. Kg2 Rc2+ 46. Bf2
Nf4+ 47. Kf1 Rc3 48. Rb8+ Kf7 49. a7 Rxa3 50. a8=Q Rxa8 51. Rxa8 Nxh3 52. Ra7+
Kf8 53. Rd7 Ng5 54. Rxd6 Nf3 55. Bg3 e4 56. Ke2 Ke7 57. Rg6 Kf7 58. Ke3 Kg8 59.
Kxe4 Nd2+ 60. Kd5 Kf7 61. Be5 Kf8 62. Rxg7 Nf3 63. f6 Ke8 64. Ke6 Nd4+ 65. Bxd4
Kd8 66. f7 Kc7 67. f8=Q+ Kc6 68. Qc5# {Hossa checkmated} 1-0

[Event "ICS rated blitz match"]
[Site "204.178.125.65"]
[Date "2000.08.13"]
[Round "?"]
[White "Tinker"]
[Black "Hossa"]
[Result "1-0"]
[WhiteElo "2474"]
[BlackElo "2541"]
[PlyCount "153"]
[EventDate "2000.??.??"]

1. e4 Nf6 2. e5 Nd5 3. c4 Nb6 4. c5 Nd5 5. d4 d6 6. Nf3 e6 7. cxd6 cxd6 8. Nc3
dxe5 9. Nxe5 Bb4 10. Bd2 O-O 11. Bd3 Nb6 12. Qc2 Kh8 13. Ne2 Bxd2+ 14. Qxd2 f6
15. Nf3 Nc6 16. O-O e5 17. Be4 Be6 18. Rfd1 Bd5 19. Bxd5 Qxd5 20. Nc3 Qf7 21.
dxe5 fxe5 22. Qe1 Qf4 23. Ne4 Rab8 24. Rd3 Rbc8 25. Nd6 Nb4 26. Rdd1 Rc5 27.
Rab1 Nxa2 28. Ra1 e4 29. Nxe4 Rc4 30. Nfd2 Ra4 31. Nc5 Qf7 32. Nxa4 Nxa4 33.
Rxa2 Qxa2 34. Ra1 Qxb2 35. Rxa4 a6 36. Rf4 Qa3 37. Re4 Qd6 38. Nf3 h6 39. Re7
b5 40. Re6 Qa3 41. Ne5 Rc8 42. Nc6 Qc5 43. Ne7 Ra8 44. Qa1 Kh7 45. h3 Qb4 46.
Nf5 Ra7 47. Rxa6 Rf7 48. Nd4 Rf4 49. Ne6 Rf7 50. Qf1 Qd2 51. Qb1+ g6 52. Nf8+
Kg8 53. Ra2 Qd4 54. Nxg6 Kg7 55. Re2 Rf6 56. Ne5 b4 57. Re3 Qd2 58. Nd3 Rf5 59.
Re4 Qc3 60. Rxb4 Qd2 61. Qa1+ Kg8 62. Qa4 Qe2 63. Qa8+ Kg7 64. Qb7+ Rf7 65.
Rg4+ Qxg4 66. Qb2+ Kh7 67. hxg4 Rg7 68. Ne5 Kg8 69. Qd4 Kh7 70. f4 Kg8 71. f5
Kh7 72. f6 h5 73. Qe4+ Kg8 74. fxg7 h4 75. Qd5+ Kxg7 76. Qf7+ Kh6 77. Qg6# {
Hossa checkmated} 1-0

[Event "ICS rated blitz match"]
[Site "204.178.125.65"]
[Date "2000.08.13"]
[Round "?"]
[White "Hossa"]
[Black "Tinker"]
[Result "1-0"]
[WhiteElo "2522"]
[BlackElo "2493"]
[PlyCount "115"]
[EventDate "2000.??.??"]

1. e4 e5 2. Nf3 Nf6 3. Nc3 Nc6 4. Bb5 Nd4 5. Ba4 c6 6. Nxe5 b5 7. Bb3 Qe7 8.
Nf3 Nxb3 9. axb3 b4 10. Ne2 Qxe4 11. O-O Be7 12. d3 Qg4 13. h3 Qg6 14. Re1 Nd5
15. Bg5 O-O 16. Bxe7 Nxe7 17. Qd2 a5 18. Nf4 Qf6 19. Nh5 Qg6 20. Nxg7 Qxg7 21.
Rxe7 d5 22. Qg5 Qxg5 23. Nxg5 Ra6 24. Rc7 Bf5 25. g4 Bg6 26. Nf3 f5 27. Ne5 Be8
28. Kf1 fxg4 29. hxg4 Rf6 30. d4 Ra8 31. c3 bxc3 32. bxc3 Rd6 33. g5 h6 34. f4
hxg5 35. fxg5 Kf8 36. Kg2 Kg8 37. Rh1 Bg6 38. Rh6 Be4+ 39. Kg3 Rxh6 40. gxh6
Kh8 41. Rg7 Rf8 42. Nf7+ Rxf7 43. Rxf7 Bc2 44. Rb7 Kg8 45. Kf4 Kh8 46. b4 axb4
47. cxb4 Bb3 48. Rc7 Ba4 49. Kf5 Bb3 50. b5 Bc4 51. b6 Bd3+ 52. Ke6 Ba6 53. b7
Bxb7 54. Rxb7 Kg8 55. h7+ Kh8 56. Kf6 c5 57. Kg6 cxd4 58. Rb8# {
Tinker checkmated} 1-0